000 00504nam a2200181Ia 4500
005 20250508160703.0
008 008 250505s9999 xx 000 0 eng d
037 _aTextual
040 _aFEDL
_beng
_cFEDL
041 _aeng
_2eng
084 _a780.7, REY
_qFEDL
100 _aReynolds Jane L
_9769110
245 0 _aMusic lessons you can teach
260 _aNew York, USA
_bParker Publishing company
_c1970
300 _a202p
942 _cTEXL
_h780.7, REY
999 _c1366034
_d1366034